Cats are Time Characters by Weapon Click Quiz - Statistics

General Stats
  • This quiz has been taken 7 times
  • The average score is 32 of 40
Answer Stats
Hint Answer % Correct
Lyra Battle Axe
100%
Stubbins Bionic Arm
100%
Hildeguard Bow
100%
Helmer Brass Knuckles
100%
Luna Crystal Ball
100%
Devin Gauntlets
100%
Donnie Giant Mech
100%
Lemon Guitar
100%
Georgia Instruments
100%
Benji Leather Whip
100%
Paelius Magic Staff
100%
Mathilda Pitchfork
100%
Rus Plasma Gun
100%
Viktor Rugby Ball
100%
Asani Scythe
100%
Felix Shortsword
100%
Magnus War Hammer
100%
Achilles Boxing Gloves
67%
Amberos Chain Knife
67%
Jupiter Claymore
67%
Skruff Coins
67%
Athena Cyborg Suit
67%
Mercer Explosives
67%
Clover Frying Pan
67%
Asmit Greatsword
67%
Vanity Halberd
67%
Roomba Kitchen Knife
67%
Tempas Mace
67%
Sol Medieval Arsenal
67%
Numair Meteor Hammer
67%
Brutus Nailed Bat
67%
Satomi Plastic Swords
67%
Arora Quarterstaff
67%
Francis Reality Warp
67%
Kauri Scepter
67%
Alexi Scutum (Shield)
67%
Tiras Silk Whip
67%
Maxine Spear
67%
Lunar Throwing Knives
67%
Odi Rapier
33%
No matching quizzes found
Score Distribution
Percent of People with Each Score
Percentile by Number Answered
Your Score History
You have not taken this quiz